00448pab a2200145 454500008004000000100002500040245011000065260000900175300001300184362000800197650003300205650002500238700001300263773002600276180718b2014 xxu||||| |||| 00| 0 eng d aSharma, Supran Kumar aMeasurement and elucidation of resource competence: An economic analysis for the selected states of India c2014 ap.19-41. aDec aResources management - India aResources management aShravani aAsian Economic Review